History of Switzerland - Statistics

General Stats
  • This quiz has been taken 25 times
  • The average score is 9 of 15
Answer Stats
Hint Answer % Correct
humanitarian organization founded in 1863 International Red Cross
95%
the city where John Calvin was active Geneva
90%
a group that obtained voting rights in 1971 women
90%
Catholic cantons from the period of religious wars (name any) Uri, Schwyz, Unterwalden, Lucerne, Zug
76%
famous physicist living in Switzerland from 1895 Albert Einstein
71%
a congress during which Switzerland's neutrality was guaranteed for the first time Congress of Vienna
71%
Celtic tribe living there in the 1st century BC Helvetii
71%
the creator of the above Henry Dunant
52%
the man who began the Reformation in Switzerland Huldrych Zwingli
52%
one of the most famous mathematicians of the 18th century Leonhard Euler
52%
state founded in 1798 by Napoleon (existed until 1803) Helvetic Republic
43%
the civil war of 1847 Sonderbund
33%
alchemist and physician, considered the father of modern medicine Paracelsus
24%
the war, after which Switzerland gained full independence Thirty Year's War
19%
ethnic group that briefly invaded Switzerland in the 10th century Magyars
10%
No matching quizzes found
Score Distribution
Percent of People with Each Score
Percentile by Number Answered
Your Score History
You have not taken this quiz